| 000 | 00558nam a2200193 a 4500 | ||
|---|---|---|---|
| 005 | 20210219153446.0 | ||
| 008 | 991125n 000 0 u | ||
| 035 | _aUPN01000101113 | ||
| 100 | _aStewart, Roger A. | ||
| 222 | _aREADING TEACHER | ||
| 245 | _aStudent diversity : meeting the literacy challenge of the At-risk (have you read...?) | ||
| 300 | _a342-344 | ||
| 362 | _a46, No. 4, 1992-93 | ||
| 505 | _aAbril 1993 | ||
| 653 | 0 | _aDESCRIPCION DE PROGRAMAS | |
| 653 | 0 | _aESTUDIANTES DE ALTO RIESGO | |
| 904 |
_aAC _b038924 |
||
| 905 | _aArticulo | ||
| 999 |
_c77450 _d77450 |
||